| 000 | 00720nam a2200253Ia 4500 | ||
|---|---|---|---|
| 003 | OSt | ||
| 005 | 20220918191858.0 | ||
| 006 | a|||||r|||| 00| 0 | ||
| 007 | ta | ||
| 008 | 220917b |||||||| |||| 00| 0 eng d | ||
| 024 | _a65,580 | ||
| 037 | _cTextual | ||
| 040 |
_aARTS _cARTS _beng |
||
| 041 |
_2eng _aeng |
||
| 082 | _aR3jN191, M0 | ||
| 100 |
_aInwagen Peter Van ed _977474 |
||
| 245 | 0 |
_aTime and cause _b essays presented to Richard Taylor |
|
| 260 |
_aDordrecht _bD Reidel _c1980 |
||
| 300 |
_ax,313p. _ccm. |
||
| 490 | _aPhilosophical studies series in philosophy; 19 | ||
| 500 | _aBib 301-06p | ||
| 942 |
_hR3jN191, M0 _cTEXL _2CC |
||
| 999 |
_c191823 _d191823 |
||